000 00303nam a22001337a 4500
008 170920b xxu||||| |||| 00| 0 eng d
020 _a9780130193742
041 _aeng
080 _a7
100 _a45
101 _aART
245 _aA BEGINNER'S GUIDETO THE HUMANITIES
_cBISHOP,P.E
942 _2udc
_cBK
999 _c28515
_d28515